000 00599nam a2200229 i 4500
001 C2-0315886
003 PPAK
005 20180728111729.0
008 120708s2009 xxka|||| ||||| | eng d
020 _a1906536855
040 _aPPAK
_beng
_cPPAK
_erda
082 0 4 _a551
_223
090 0 0 _a551
_bEAR
_dR
245 0 4 _aThe earth
264 1 _aUnited Kingdom :
_bNorth Parade Publishing ,
_c2009
300 _a45 pages :
_bcolour illustrations ;
_c29 cm
336 _2rdacontent
_atext
337 _2rdamedia
_aunmediated
338 _2rdacarrier
_avolume
650 1 0 _aEarth.
942 _ddc
_cB
999 _c117034
_d117034